Регионална библиотека "Любен Каравелов" - Русе

Мумин и златното копче (Запис номер 346842)

MARC детайли
000 -Лидер
Контролно поле с фиксирана дължина 01034nam a2200301 c 4500
003 - Код на организацията, давaща контролен номер
Контролно поле BLK
005 - Дата и час на последна редакция
Контролно поле 20250726112452.0
008 - Елементи от данни с фиксирана дължина
fixed length control field 180408b bul|||||r ||||||| ||bul||
010 ## - Наследен системен номер
LC control number KNG00085324000
020 ## - Международен стандартен номер на книга ISBN
Международен стандартен номер на книга ISBN 9786197455243
040 ## - Източник на каталожния запис
Идентификатор на билиотеката - собственик на записа BLK
041 ## - Код за език
Код за езика на текст/звукозапис или на отделно заглавие Български
Код за езика КДБФ Български
080 ## - УДК
Текстов определител УДК Финландска литература
УДК код - определител по УДК 821.511.111
УДК определител -93-31
УДК - код + определител 821.511.111-93-31
100 1# - Редна дума - Автор
Автор Янсон, Туве
Авторска отговорност първи автор
R(LIN) 365645
139 ## - Редно поле
Редна дума Янсон, Туве
Авторски знак Янсо - Я 67
245 10 - Сведения за заглавието
Заглавие Мумин и златното копче
Редно поле (дума) Туве Янсон; прев. Милена Милева - Фено; ил. Туве Янсон.
257 ## - Страна на издаване
Страна на създаване/издаване Финландия
260 ## - Област на издателските данни
Име на издателя, разпространителя и проч. Timelines
Година на издаване 2019
9 (RLIN) 392712
300 ## - Физическа характеристика
Страници 26 с.
Илюстрации и др. с ил.
Размери/Мащаб 27 см
380 ## - Жанр
Жанр Детска худож. лит.
700 ## - Други автори (авторска отговорност)
Лично име Милева-Фено, Милена Маринова
Автороска отговорност (Описва отношението между автора и произведението) прев.
9 (RLIN) 401109
852 ## - Местоположение
Форматна сигнатура Цб ІІ 32509
Фондова буква Хранилище
852 ## - Местоположение
Фондова буква Детски отдел
Систематично-азбучна сигнатура ДХ 820/899/Я 67
856 4# - Електронен адрес и достъп
Електронен формат pdf - файл
856 4# - Електронен адрес и достъп
Електронен формат pdf - файл
942 ## - АРТИКУЛИ
Вид на библиотечния материал Книги
Скрит в OPAC Не
Периодичен библиозапис Да
Koha issues (borrowed), all copies 11
944 ## - СЪЗДАВАНЕ И РЕДАКЦИЯ на ЗАПИСА
Създаване/Редакция Редакция
Статус, дата на статуса Моника Янева
Служител, извършил регистрацията/редакцията 30570
999 ## - СИСТЕМНИ КОНТРОЛНИ НОМЕРА
Koha biblionumber 346842
Koha biblioitemnumber 346842
Наличности
Код за отписване Код за изгубен артикул Източник на класификационната схема Код за повреда Коз за рестрикции Код за отдаване Артикулен № Име на библиотеката - собственик Име на библиотеката, в която се намира в момента Статус (Текущо местоположение) Дата на вписване в системата Местоположение - отдел Цена в лева Систематично азбучна сигнатура Баркод Цена в евро Служебен тип на артикула
  Не е изгубен Universal Decimal Classification Не е повреден без рестрикции заемане за дома 751396 Регионална библиотека "Любен Каравелов" Русе Регионална библиотека "Любен Каравелов" Русе Детски отдел 2019-12-09 Детски отдел 12.00 ДХ 820/899/ Я 67 120000838192 6.14 Книги
  Не е изгубен Universal Decimal Classification Не е повреден без рестрикции заемане за дома 751397 Регионална библиотека "Любен Каравелов" Русе Регионална библиотека "Любен Каравелов" Русе Детски отдел 2019-12-09 Детски отдел 12.00 ДХ 820/899/ Я 67 120000838193 6.14 Книги
  Не е изгубен Universal Decimal Classification Не е повреден без рестрикции заемане за дома 753374 Регионална библиотека "Любен Каравелов" Русе Регионална библиотека "Любен Каравелов" Русе Детски отдел 2020-01-09 Детски отдел 12.00 ДХ 820/899/Я 67 120000841010 6.14 Книги
  Не е изгубен Universal Decimal Classification Не е повреден без рестрикции заемане за дома 753375 Регионална библиотека "Любен Каравелов" Русе Регионална библиотека "Любен Каравелов" Русе Детски отдел 2020-01-09 Детски отдел 12.00 ДХ 820/899/Я 67 120000841009 6.14 Книги
  Не е изгубен Universal Decimal Classification Не е повреден без рестрикции заемане за дома 753376 Регионална библиотека "Любен Каравелов" Русе Регионална библиотека "Любен Каравелов" Русе Детски отдел 2020-01-09 Детски отдел 12.00 ДХ 820/899/Я 67 120000841007 6.14 Книги
  Не е изгубен Universal Decimal Classification Не е повреден без рестрикции заемане за дома 753377 Регионална библиотека "Любен Каравелов" Русе Регионална библиотека "Любен Каравелов" Русе Детски отдел 2020-01-09 Детски отдел 12.00 ДХ 820/899/Я 67 120000841008 6.14 Книги
  Не е изгубен Universal Decimal Classification Не е повреден само за читалня ползва се в читалня 756017 Регионална библиотека "Любен Каравелов" Русе Регионална библиотека "Любен Каравелов" Русе Хранилище 2020-02-28 Хранилище 16.00 Цб ІІ 24903 120000842924 8.18 Книги
Vip Innovations Ltd, Rousse, Bulgaria 2025